Bookended Authors Quiz Stats

 Plays Quiz Updated Dec 28, 2015

Challenge
Share
Tweet
Embed
Score 0/16 Timer 06:00
1 Play Today
Title Author % Correct
To Kill a WatchmanHarper Lee
96.3%
Burmese Eighty-FourGeorge Orwell
93.1%
The Hitchhiker's HarmlessDouglas Adams
74.8%
Casino DaylightsIan Fleming
73.7%
The Mysterious MurderAgatha Christie
64.6%
Poor KaramazovFyodor Dostoyevsky
59.1%
Robinson: The Fortunate MistressDaniel Defoe
50.8%
The Martian SummerRay Bradbury
41.1%
Title Author % Correct
This Side of the NightF. Scott Fitzgerald
37.1%
Agnes HallAnne Brontë
30%
Catch an Old ManJoseph Heller
27.4%
Cup of Our DiscontentJohn Steinbeck
21.7%
The Orchard RoadCormac McCarthy
20.7%
The Poorhouse of EastwickJohn Updike
19.6%
The Torrents of EdenErnest Hemingway
19.4%
Lord Down BelowWilliam Golding
15.3%

You're not logged in!

Compare scores with friends on all Sporcle quizzes.
OR
Log In

You Might Also Like...

Show Comments

Extras

Top Quizzes Today


Score Distribution

Your Account Isn't Verified!

In order to create a playlist on Sporcle, you need to verify the email address you used during registration. Go to your Sporcle Settings to finish the process.

Report this User

Report this user for behavior that violates our Community Guidelines.

Details: